00000000nam##2200000za#4500
0019.632294
003CaOODSP
00520210624214735
007cr |||||||||||
008150407|2005||||xxc|||||o    f|0| 0 fre|d
020 |a0-662-70471-1
040 |aCaOODSP|bfre
043 |an-cn---
0861 |aNS3-38/2005F-PDF
1102 |aConseil de recherches en sciences naturelles et en génie du Canada.
24510|aDe la relance à l'action : |h[ressource électronique]|brapport d'étape sur le renouvellement à l'action de la recherche nordique au Canada / |cétabli par John Graham et Evlyn Fortier.
260 |aOttawa - Ontario : |bConseil de recherches en sciences naturelles et en génie |c2005.
300 |a88p.|bphotographies
500 |a«Rapport présenté par l'Institut sur la gouvernance au Comité de planification du Dialogue sur la recherche nordique». L'ISBN (0-662-70816-4) et le n° de catalogue (NS3-38/2005F) de l'édition imprimée ont été incorrectement copiés dans l'édition pdf.
590 |a12-40-Supp|b2012-10-23
69107|aRecherche|2gcpds
7201 |aGraham, John
7201 |aFortier, Evlyn
77508|tFrom opportunity to action : |w(CaOODSP)9.687854
85640|ahttp://publications.gc.ca|qPDF|s4189 Ko|uhttps://publications.gc.ca/collections/collection_2012/crsng-nserc/NS3-38-2005-fra.pdf